Documentos varios sobre el Referendum del TLC
Na minha lista:
| Formato: | Livro |
|---|---|
| Idioma: | Spanish |
| Assuntos: | |
| Tags: |
Adicionar Tag
Sem tags, seja o primeiro a adicionar uma tag!
|
MARC
| LEADER | 00000nam a22000007a 4500 | ||
|---|---|---|---|
| 003 | cru CIDCACS/IIS | ||
| 005 | 20220202062539.0 | ||
| 008 | 180907b ||||| |||| 00| 0 spa d | ||
| 999 | |c 41658 |d 41658 | ||
| 040 | |c cru CIDCACS/IIS | ||
| 090 | |a 09.05.01 D636d | ||
| 245 | |a Documentos varios sobre el Referendum del TLC | ||
| 500 | |a 38 documentos entre panfletos, documento digitales | ||
| 650 | 0 | |9 303 |a REFERENDUM | |
| 650 | 0 | |a MOVIMIENTOS SOCIALES |9 3 | |
| 650 | 0 | |a TRATADO DE LIBRE COMERCIO |9 3831 | |
| 650 | 0 | |9 305 |a TLC | |
| 650 | 0 | |9 407 |a SALUD PUBLICA | |
| 650 | 4 | |9 2012 |a EFECTOS EN EL MEDIO AMBIENTE | |
| 650 | 0 | |9 487 |a ACCESO A LA EDUCACION | |
| 650 | 0 | |9 1682 |a TELECOMUNICACIONES | |
| 650 | 0 | |9 5564 |a ENERGIA ELECTRICA | |
| 651 | 0 | |9 32 |a COSTA RICA | |
| 651 | 0 | |9 245 |a ESTADOS UNIDOS | |
| 942 | |2 ddc |c LI | ||
